| 000 | 00599nam a22002177a 4500 | ||
|---|---|---|---|
| 003 | UA-OsUOA | ||
| 001 | 95739 | ||
| 007 | ta | ||
| 008 | 20130306b un ||||| |||| 00| 0 ukr d | ||
| 100 | _aКарбелашвілі Г. | ||
| 090 |
_a821.353.1 _bК21 |
||
| 942 | _cBK | ||
| 040 |
_aUA-OsUOA _cUA-OsUOA _dUA-OsUOA |
||
| 245 |
_aБез батьківщини щастя немає _bроман |
||
| 300 | _a323 с. | ||
| 955 | _a3 | ||
| 080 | _a821.353.1 | ||
| 260 |
_aК. _bДніпро _c1988 |
||
| 650 | 7 |
_a82 Література. Літературознавство _2UDC |
|
| 999 |
_c381988 _d381988 |
||